आधुनिक व्यावसायिक संगठन एव प्रबन्ध (Record no. 1009493)

MARC details
000 -LEADER
fixed length control field 01015nam a2200289Ia 4500
003 - CONTROL NUMBER IDENTIFIER
control field OSt
005 - DATE AND TIME OF LATEST TRANSACTION
control field 20221005103125.0
008 - FIXED-LENGTH DATA ELEMENTS--GENERAL INFORMATION
fixed length control field 221004b |||||||| |||| 00| 0 hin d
020 ## - INTERNATIONAL STANDARD BOOK NUMBER
International Standard Book Number 8171980597
037 ## - SOURCE OF ACQUISITION
Terms of availability Textual
040 ## - CATALOGING SOURCE
Original cataloging agency CRL
Transcribing agency CRL
Language of cataloging hin
041 ## - LANGUAGE CODE
Source of code hin
Language code of text/sound track or separate title hin
100 ## - MAIN ENTRY--PERSONAL NAME
Personal name गुप्ता, सी0 बी0
245 #0 - TITLE STATEMENT
Title आधुनिक व्यावसायिक संगठन एव प्रबन्ध
246 ## - VARYING FORM OF TITLE
Title proper/short title Ādhunik vyāvasāyik sangaṭhan ev prabandha
260 ## - PUBLICATION, DISTRIBUTION, ETC.
Place of publication, distribution, etc. उतर
Name of publisher, distributor, etc. प्रदेश मयूर पेपर बेक्स भारत
Date of publication, distribution, etc. 1994
300 ## - PHYSICAL DESCRIPTION
Extent 249पृ0
Dimensions cm.
650 ## - SUBJECT ADDED ENTRY--TOPICAL TERM
Topical term or geographic name entry element अर्थशास्त्र
650 ## - SUBJECT ADDED ENTRY--TOPICAL TERM
Topical term or geographic name entry element भारतीय-उद्योग
650 ## - SUBJECT ADDED ENTRY--TOPICAL TERM
Topical term or geographic name entry element व्यावसायिक संगठन
942 ## - ADDED ENTRY ELEMENTS (KOHA)
Classification part X:8, 152N4
Koha item type Textual
Source of classification or shelving scheme
Holdings
Withdrawn status Lost status Damaged status Not for loan Home library Current library Date acquired Total Checkouts Full call number Barcode Date last seen Date last checked out Price effective from Koha item type
        Central Library Arts Library 2022-10-05 1 X:8 152N4 CL1236788 2025-12-03 2025-11-07 2022-10-05 Textual
Copyright @ Delhi University Library System